[Event "Medellin Experts 17th"]
[Site "Medellin"]
[Date "2010.08.05"]
[Round "3.19"]
[White "Garzon, Ivan Ricardo"]
[Black "Mena, Yamil Octavio"]
[Result "0-1"]
[WhiteElo "1878"]
[BlackElo "1759"]
[PlyCount "90"]
[EventDate "2010.08.04"]
[EventType "swiss"]
[EventRounds "9"]
[EventCountry "COL"]
[SourceTitle "EXT 2024"]
[Source "ChessBase"]
[SourceDate "2023.10.10"]
[SourceVersion "1"]
[SourceVersionDate "2023.10.10"]
[SourceQuality "1"]

1. e4 e5 2. Nf3 d6 3. d4 Nd7 4. Bc4 c6 5. a4 Be7 6. 0-0 h6 7. Nc3 Ngf6 8. h3 0-0 9. Bb3 Qc7 10. Be3 Rd8 11. Qe2 Nf8 12. Rad1 Be6 13. d5 Bd7 14. Nh2 g5 15. Ng4 Bxg4 16. hxg4 c5 17. g3 Kg7 18. Kg2 Ng6 19. Rh1 Rh8 20. Bc4 Qd7 21. f3 a6 22. Qd2 Rag8 23. Rh2 Kf8 24. Rdh1 h5 25. gxh5 Rxh5 26. Rxh5 Nxh5 27. Rxh5 Nf4+ 28. gxf4 gxf4+ 29. Kf1 fxe3 30. Qxe3 Qd8 31. Ne2 Bg5 32. Qf2 b5 33. axb5 axb5 34. Bxb5 Qa5 35. c4 Bd2 36. Nc3 Qa1+ 37. Ke2 Qxb2 38. Nd1 Qc1 39. Qh4 Bf4 40. Qd8+ Kg7 41. Qa5 Qc2+ 42. Ke1 Bg3+ 43. Kf1 Qxd1+ 44. Kg2 Qe2+ 45. Kxg3 Kf6+ 0-1